| 000 | 00522nam a22001817a 4500 | ||
|---|---|---|---|
| 005 | 20240625120813.0 | ||
| 008 | 240625b |||||||| |||| 00| 0 eng d | ||
| 020 | _a9781133626466 | ||
| 082 |
_a004.6 _bWHI-D |
||
| 100 | _aWhite, Curt M. | ||
| 245 |
_aData Communications and Computer Networks : _b A Business User’s Approach / _cCurt M.White |
||
| 250 | _a7th 3ed. | ||
| 260 |
_aUSA: _bPearson; _c2013. |
||
| 300 |
_axiv, 420 p. : _bill; _c28 cm. |
||
| 500 | _ainclude index. | ||
| 650 | _aNetworking | ||
| 999 |
_c35958 _d35958 |
||